Normal view
MARC view
- Morkoç, Selen B.
Entry Personal Name
001 - CONTROL NUMBER
- control field: 37519
003 - CONTROL NUMBER IDENTIFIER
- control field: OSt
005 - DATE AND TIME OF LATEST TRANSACTION
- control field: 20150428105751.0
008 - FIXED-LENGTH DATA ELEMENTS
- fixed length control field: 150329|| aca||aabn | a|a d
040 ## - CATALOGING SOURCE
- Original cataloging agency: OSt
100 1# - HEADING--PERSONAL NAME
- Personal name: Morkoç, Selen B.
- Fuller form of name: (Selen Bahriye)